000
00244 a2200109 4500
001
63354
082
_a
912.095491 OXF
090
_c
37405
_d
37405
100
_a
Oxford
245
_a
New Oxford Atlas for Pakistan
260
_b
PAF Book Club
942
_a
NUST-CAE
_k
912.095491 OXF
999
_c
298427
_d
298427